000 00556nam a2200181Ia 4500
003 GCL
008 140319s9999 xx 000 0 eng d
040 _aGCL /
_cGCL
082 0 4 _aCC
_b916.2
_bS T
100 1 _aSEZGIN, FUAT
245 1 0 _aTEXTES AND STUDIES ON THE HISTORICAL GEOGRAPHY AND TOPOGRAPHY OF EGYPT ( VOL. 45 - 49 ) /
_cSEZGIN, FUAT
260 _a[S.N] :
_bINSTITUTE FOR THE HISTORY OF ARABIC SCIE ،
_c1992
650 0 4 _aGEOGRAPHY
650 0 4 _aTOPOGRAPHY
650 0 4 _aGEOGRAPHY - EGYPT
650 0 4 _aTOPOGRAPHY - EGYPT
942 _2ddc
_cBK
999 _c16123
_d16123